[Event "Moscow Aeroflot op"]
[Site "Moscow"]
[Date "2002.02.10"]
[Round "9"]
[White "Kosyrev, Vladimir"]
[Black "Mirovshchikov, Sergey"]
[Result "1/2-1/2"]
[WhiteElo "2565"]
[BlackElo "2402"]
[Annotator "Huzman,A"]
[PlyCount "91"]
[EventDate "2002.02.04"]
[EventType "swiss"]
[EventRounds "9"]
[EventCountry "RUS"]
[SourceTitle "CBM 088"]
[Source "ChessBase"]
[SourceDate "2002.03.21"]
[SourceVersion "1"]
[SourceVersionDate "2002.03.21"]
[SourceQuality "1"]

1. d4 d5 2. c4 dxc4 3. e3 Nf6 4. Bxc4 e6 5. Nf3 c5 6. O-O a6 7. a4 Nc6 8. Qe2
cxd4 9. Rd1 Be7 10. exd4 O-O 11. Nc3 Nb4 12. Bg5 Nbd5 13. a5 $146 Re8 {[%cal
Ye8e2]} 14. Ne5 Bd7 15. Nxd5 (15. Bxf6 Nxf6 (15... Nxc3 16. bxc3 Bxf6 17. Qe4
Qc7 18. Bd3 g6 19. Nxd7 Qxd7 20. Rab1 Rab8 21. Qf3 Bg7 22. Be4 $36) 16. d5 Bd6
17. Nxd7 exd5 $1 18. Qf3 (18. Nxf6+ Qxf6 19. Nxd5 Qh6 20. Nf6+ Qxf6 $11) 18...
Qxd7 19. Nxd5 Nxd5 20. Bxd5 Re7 $11) 15... exd5 16. Bxf6 dxc4 17. Bxe7 (17.
Nxd7 Bxf6 (17... Qxd7 18. Bxe7 Rxe7 19. Qxc4 $16) 18. Nxf6+ Qxf6 19. Qxc4 Re4
20. Rac1 Rd8 $44) 17... Qxe7 18. Qxc4 Bb5 19. Qb3 Qe6 $1 20. Qxe6 Rxe6 $44 21.
Rac1 f6 22. Nf3 (22. Nc4 Bxc4 $1 (22... Re2 23. b3 $16) 23. Rxc4 Rd8 24. Kf1
Rd5 25. b4 b6 $1 $132 26. axb6 Rxb6 27. Ke2 Rdb5 $11) 22... Rc6 $1 23. Rxc6 (
23. d5 Rxc1 24. Rxc1 Rd8 25. Rd1 Bc6 26. d6 Bxf3 27. gxf3 Kf7 $11) 23... Bxc6
24. h3 Rd8 25. Rd2 Rd5 26. b4 Rb5 $11 27. Rb2 Bxf3 28. gxf3 Kf7 29. Kf1 Ke6 30.
Ke2 Rh5 31. Ke3 Kd6 32. h4 $1 Rxh4 33. b5 Rh1 34. bxa6 bxa6 35. Rb6+ Kd5 36.
Rxa6 Re1+ 37. Kf4 Rd1 38. Ra8 (38. Ra7 Rxd4+ 39. Kf5 (39. Kg3 Ra4 $11) 39...
g6+ 40. Kxf6 Rf4+ 41. Kg7 Rxf3 $11) 38... Rxd4+ 39. Kf5 g6+ 40. Kxf6 Rf4+ 41.
Kg7 Rxf3 42. a6 Kc6 43. Rb8 Ra3 44. Kxh7 Rxa6 45. Rg8 (45. Kxg6 $4 Kc7+ $19)
45... Kd5 46. Rxg6 (46. Rxg6 Rxg6 47. Kxg6 Ke4 $11) 1/2-1/2

[Event "Goodricke op 13th"]
[Site "Kolkata"]
[Date "2002.03.17"]
[Round "1"]
[White "Gleizerov, Evgeny"]
[Black "Blauert, Joerg"]
[Result "1/2-1/2"]
[WhiteElo "2587"]
[BlackElo "2390"]
[Annotator "Huzman,A"]
[PlyCount "73"]
[EventDate "2002.03.17"]
[EventType "swiss"]
[EventRounds "11"]
[EventCountry "IND"]
[SourceTitle "CBM 088"]
[Source "ChessBase"]
[SourceDate "2002.03.21"]
[SourceVersion "1"]
[SourceVersionDate "2002.03.21"]
[SourceQuality "1"]

1. d4 d5 2. c4 dxc4 3. e3 e6 4. Bxc4 c5 5. Nf3 a6 6. O-O Nf6 7. Bb3 b5 8. a4 b4
9. Nbd2 Bb7 10. e4 Be7 11. e5 Nfd7 12. Nc4 O-O 13. Bc2 cxd4 (13... Nc6 14. dxc5
Nxc5 15. Nd6 b3 16. Bb1 Qc7 17. Be3 Nxe5 18. Nxb7 Nxf3+ 19. Qxf3 Qxb7 20. Qxb7
Nxb7 21. Be4 Rab8 22. Ba7 Nc5 $15 {Dreev,A-Ponomariov,R/Yerevan 2001}) 14. Nxd4
Qc7 (14... Bd5 15. Ne3 Nxe5 16. Qh5 Ng6 17. Nxd5 Qxd5 18. Qxd5 exd5 19. Bb3 Bf6
20. Be3 Rd8 21. Rac1 $44 {1-0 Dautov,R-Gurevich,D/Moscow 2001/CBM 86/[Dautov] 
(26)}) 15. Qd3 g6 16. Bf4 Nc6 17. Nf3 Nc5 (17... Rfd8 $5 18. Qe3 Na5 19. Nxa5
Qxa5 20. Ng5 Qc5 21. Qe2 Bxg5 22. Bxg5 Rdc8 23. Bb3 Qxe5 $17 {1/2-1/2 Ernst,
S-Krush,I/Bermuda BER 2002/(71)}) 18. Qe3 b3 19. Bxb3 Nxb3 (19... Rab8 $5 20.
Rac1 (20. Ba2 Nb4 $44) (20. Rfd1 Nb4 21. Nd6 Bxf3 22. Qxf3 Nxb3 23. Qxb3 Nc2
$17) 20... Nxb3 21. Qxb3 Na5 22. Nxa5 (22. Qd3 Bxf3 23. Qxf3 Nxc4 24. b3 Rb4 (
24... Nxe5 25. Qg3 Qb7 26. Bxe5 Rbc8 $11)) 22... Qxa5 $44) 20. Qxb3 Rab8 21.
Rfc1 (21. Qb6 Rfc8 22. Qxc7 Rxc7 23. Bg5 Bf8 24. Rac1 Nb4 $44) 21... Na5 22.
Nxa5 Qxa5 $44 23. Qc3 Qxc3 24. bxc3 (24. Rxc3 Bxf3 25. Rxf3 Rxb2 $11) 24...
Bxf3 25. gxf3 Rfc8 $11 26. a5 (26. Be3 Rc4 27. Rab1 Rxb1 28. Rxb1 Rxa4 29. Rb7
$132) 26... Rc4 27. Be3 Bd8 $15 28. Rcb1 Rxb1+ 29. Rxb1 Bxa5 30. Rb8+ (30. Ra1
Bxc3 31. Rxa6 Bxe5 $17) 30... Kg7 31. Bg5 $1 $132 Bxc3 32. Bf6+ Kh6 33. h4 Rc5
$2 (33... Kh5 34. Rb7 h6 35. Rxf7 a5 $17) 34. Bg5+ Kg7 (34... Kh5 $4 35. Rh8
$18) 35. Bf6+ $11 Kh6 36. Bg5+ Kg7 37. Bf6+ 1/2-1/2

[Event "CUB-ch"]
[Site "Holguin"]
[Date "2002.04.08"]
[Round "8"]
[White "Vera Gonzalez Quevedo, Reynaldo"]
[Black "Arencibia Rodriguez, Walter"]
[Result "1-0"]
[WhiteElo "2534"]
[BlackElo "2542"]
[Annotator "Huzman,A"]
[PlyCount "55"]
[EventDate "2002.03.31"]
[EventType "tourn"]
[EventRounds "17"]
[EventCountry "CUB"]
[EventCategory "9"]
[SourceTitle "CBM 089"]
[Source "ChessBase"]
[SourceDate "2002.08.12"]
[SourceVersion "1"]
[SourceVersionDate "2002.08.12"]
[SourceQuality "1"]

1. d4 d5 2. c4 dxc4 3. Nf3 e6 4. e3 Nf6 5. Bxc4 c5 6. O-O a6 7. a4 Nc6 8. Qe2
cxd4 9. Rd1 d3 10. Bxd3 Qc7 11. Nc3 Bd7 12. e4 Ng4 13. Nd5 $1 {[%mdl 640]
Strong piece sacrifice that Black can't reject.} (13. Be3 Bd6 14. h3 Nxe3 15.
Qxe3 Bf4 16. Qe2 Ne5 17. Bc2 Nxf3+ 18. Qxf3 Rd8 19. Rd3 O-O 20. Rad1 Be5 $17 {
0-1 Haba,P-Bernard,R/Brno 1984/EXT 2000 (60)}) 13... exd5 14. exd5+ Ne7 (14...
Nce5 15. Nxe5 (15. Bf4 $1) 15... Qxe5 16. Qxe5+ Nxe5 17. Re1 f6 18. f4 Bb4 19.
Re3 Bc5 20. fxe5 fxe5 $19 {0-1 Sarwinski,M-Bernard,R/Piotrkow Trybunalski 1983/
EXT 2001 (34)}) 15. Bc4 {[%cal Gd5d6]} Qd6 (15... Rc8 16. b3 Qd6 17. Ba3 $16)
16. Rd4 $1 Kd8 {With the king in the centre Black has no chances to defend the
position, but there was no defence against the threat 17.Bf4.} 17. Bf4 Qb6 (
17... Qg6 18. h3 Nh6 (18... Nf5 19. Re4 Ngh6 20. Ne5 Qb6 21. a5 Qc5 22. Nxd7
Kxd7 23. Bb3 {[%cal Gb3a4]} Be7 24. Ba4+ Kd8 25. d6 Bxd6 26. Rd1 $18)) 18. a5
Qc5 19. b4 $1 Qxb4 (19... Qa7 20. Bc7+ $1 Kxc7 21. d6+ Kd8 22. dxe7+ Bxe7 23.
Rad1 Nf6 24. Ne5 $18) 20. Ng5 Nh6 21. Ne6+ $1 fxe6 22. dxe6 Nhf5 (22... Rc8 23.
Qh5 $1 g6 24. Qe5 $18) (22... Nef5 23. Rxd7+ Ke8 24. g4 $18) 23. Qe5 $1 $18 Nd6
24. Rxd6 Qxc4 25. Rxd7+ Ke8 26. Rc1 Qb5 27. Qc7 Qb3 28. Rxe7+ (28. Rxe7+ Bxe7
29. Qd7+ Kf8 30. Rc8+ $18) 1-0

[Event "Moscow Aeroflot op"]
[Site "Moscow"]
[Date "2002.02.07"]
[Round "5"]
[White "Dreev, Alexey"]
[Black "Markowski, Tomasz"]
[Result "1/2-1/2"]
[WhiteElo "2683"]
[BlackElo "2524"]
[Annotator "Huzman,A"]
[PlyCount "59"]
[EventDate "2002.02.04"]
[EventType "swiss"]
[EventRounds "9"]
[EventCountry "RUS"]
[SourceTitle "CBM 088"]
[Source "ChessBase"]
[SourceDate "2002.03.21"]
[SourceVersion "1"]
[SourceVersionDate "2002.03.21"]
[SourceQuality "1"]

1. d4 d5 2. c4 dxc4 3. Nf3 Nf6 4. e3 e6 5. Bxc4 a6 6. O-O c5 7. Bb3 Nc6 8. Nc3
b5 9. d5 exd5 10. a4 Nb4 11. axb5 Be7 (11... Bd6 12. e4 $1 dxe4 13. Bg5 (13.
Ng5 O-O 14. Ncxe4 Nxe4 15. Nxe4 Bxh2+ 16. Kxh2 Qh4+ 17. Kg1 Qxe4 18. Re1 Qf5 (
18... Qg6 $5) 19. Be3 $6 {1-0 Georgiev,V-Lazarev,V/Elgoibar 1999/CBM 75/
[Huzman] (39)} (19. Qd6 $1 $11)) 13... exf3 14. Re1+ Be7 15. Qxf3 Be6 16. Rad1
Qc8 17. Rxe6 fxe6 18. Bxe6 Qxe6 19. Qxa8+ Kf7 20. Qxh8 $18 {1-0 Romanishin,
O-Rublevsky,S/Ohrid MKD 2001/(29)}) 12. e4 (12. Ne5 O-O 13. Nc6 Nxc6 14. bxc6
Be6 $15) 12... c4 (12... dxe4 13. Qxd8+ Bxd8 14. Ng5 O-O 15. Ncxe4 Nxe4 16.
Nxe4 $36) (12... d4 13. Ng5 $1 (13. e5 Ng4 14. Ne4 O-O 15. h3 Bb7 16. Re1 axb5
$1 $17) 13... O-O (13... dxc3 14. bxc3 $1 Qxd1 15. Rxd1 $16) 14. e5 dxc3 (14...
Nfd5 15. Nxd5 Nxd5 16. Qf3 $16) 15. bxc3 $16) 13. e5 (13. Ba4 O-O 14. exd5 axb5
15. d6 Bxd6 16. Nxb5 $11) 13... Nd7 14. Bc2 (14. Ba4 axb5 15. Nxb5 O-O $17 {
[%cal Ya8a1]}) 14... Nc5 {[%cal Yb4d3,Yc5d3]} 15. Nd4 (15. Be3 O-O 16. Bb1 Bg4
$36) 15... O-O {Black's last move provides his opponent with a far from
obvious tactical opportunity, but White misses his lucky chance} 16. Be3 (16.
Nxd5 $1 Qxd5 (16... Nxd5 17. Nc6 Qd7 18. Qxd5 $18) 17. Nc6 Qd7 $1 (17... Re8
18. Nxb4 Qxe5 19. Re1 $16) 18. Nxb4 (18. Qxd7 Bxd7 19. Nxe7+ Kh8 20. Bb1 Rfe8
$5 $36 (20... axb5 21. Rxa8 Rxa8 22. f4 Ncd3 $15)) 18... Qxb5 19. Nd5 Bd8 $132
{[%cal Yc5d3]}) 16... Bd7 17. bxa6 Rxa6 18. Rxa6 Ncxa6 $11 19. Bf5 (19. f4 Nc5
20. Bb1 Ncd3 $132) 19... g6 (19... Nc5 $5 20. Qg4 g6 21. e6 fxe6 22. Bxg6 hxg6
(22... e5 23. Nf5 Bxf5 24. Bxf5+ Kh8 25. Qh5 $16) 23. Qxg6+ Kh8 $11) 20. e6 Be8
(20... Bc8 $5 21. Qg4 Nc7 $1 (21... Nc5 22. Bh6 Re8 23. exf7+ Kxf7 24. Bxc8
Qxc8 25. Qf3+ $16) 22. exf7+ (22. Re1 Bf6 23. Bh6 Re8 24. Re3 $13) 22... Kxf7
23. Bxc8 Qxc8 $11) 21. Bb1 (21. Bh3 f5 22. Bh6 Rf6 23. b3 Nc5 24. bxc4 dxc4 $13
{[%csl Rh3]}) 21... Nc5 $1 22. Bh6 fxe6 23. Bxf8 Bxf8 24. b3 $1 $11 Qf6 (24...
Bg7 25. bxc4 dxc4 26. Nde2 Ncd3 27. Qd2 Bc6 $44) 25. bxc4 Nbd3 (25... dxc4 26.
Ne4 Nxe4 27. Bxe4 Bc5 28. Nf3 $14) 26. Nce2 (26. Nxe6 $5 Qxc3 27. Nxf8 dxc4 28.
Qf3 Qd4 $44 {[%csl Rf8]}) 26... Nb2 27. Qc2 Nxc4 28. Ba2 Ne5 29. Nc3 Bf7 30.
Rd1 1/2-1/2

[Event "USA-ch"]
[Site "Seattle"]
[Date "2002.01.05"]
[Round "1"]
[White "Gurevich, Dmitry"]
[Black "Kaufman, Larry C"]
[Result "0-1"]
[WhiteElo "2544"]
[BlackElo "2400"]
[Annotator "Huzman,A"]
[PlyCount "64"]
[EventDate "2002.01.05"]
[EventType "swiss"]
[EventRounds "9"]
[EventCountry "USA"]
[SourceTitle "CBM 087"]
[Source "ChessBase"]
[SourceDate "2002.03.21"]
[SourceVersion "1"]
[SourceVersionDate "2002.03.21"]
[SourceQuality "1"]

1. Nf3 d5 2. c4 dxc4 3. e3 Nf6 4. Bxc4 c5 5. d4 e6 6. O-O a6 7. Nbd2 Nbd7 8. b3
b6 9. Re1 (9. Bb2 Bb7 10. Be2 Qb8 11. Nc4 b5 12. Nce5 Nxe5 13. dxe5 Nd5 14. Nd2
Be7 15. Bd3 Nb4 16. Bb1 O-O 17. a3 Nc6 18. f4 Qc7 19. Ne4 Rfd8 20. Qg4 Rd5 21.
Bc2 c4 22. b4 g6 23. Bc3 Qb6 24. Qh3 Rad8 25. Rf3 {1/2-1/2 Syrigos,
N-Angelopoulos,G/Poros 1998/EXT 99 (25)}) 9... Bb7 10. e4 ({More solid was} 10.
Bb2 $11) 10... cxd4 (10... b5 $5 11. Bf1 cxd4 12. e5 (12. Nxd4 Bc5) 12... Nd5
13. Ne4 (13. Nxd4 $142 Bb4 14. Bb2 (14. Qg4 O-O) 14... O-O $15) 13... Nc3 14.
Nxc3 dxc3) 11. e5 Nd5 12. Ne4 Nc3 13. Nxc3 dxc3 $17 14. Ng5 Nc5 (14... b5 15.
Nxf7 $1 Kxf7 16. Bxe6+ $1 Ke8 (16... Kxe6 17. Qg4+ Kf7 18. e6+ Kg8 19. exd7 $18
) 17. Bf7+ (17. Bg5 Be7 18. Bh6 g6 19. Bg7 Nc5 $17) 17... Kxf7 18. e6+ Kg8 19.
exd7 Qf6) 15. Qh5 (15. b4 Qxd1 16. Rxd1 Ne4 17. Nxf7 c2 $1 18. Rd3 Kxf7 19.
Rd7+ Be7 20. Rxb7 Rhd8 21. Bf1 Rac8 $17) 15... g6 16. Qg4 b5 17. b4 bxc4 18.
bxc5 Bxc5 19. Qxc4 Rc8 $19 20. Qa4+ Qd7 21. Qg4 h5 22. Qg3 O-O 23. Bf4 c2 24.
a4 (24. Rac1 Bb4 25. Rf1 Rc3 26. f3 Bc5+ 27. Kh1 Ba3 $19) 24... Rfd8 25. Rac1
Bb4 26. Rf1 Bd2 27. Bxd2 Qxd2 28. h4 Qxc1 29. Rxc1 Rd1+ 30. Kh2 Rxc1 31. Qf4
Rh1+ 32. Kg3 Rf8 0-1

[Event "Bijeljina Dvorovi"]
[Site "Bijeljina Dvorovi"]
[Date "2002.01.28"]
[Round "3"]
[White "Dumitrache, Dragos Nicolae"]
[Black "Stojanovic, Dalibor"]
[Result "0-1"]
[WhiteElo "2506"]
[BlackElo "2433"]
[Annotator "Huzman,A"]
[PlyCount "112"]
[EventDate "2002.01.26"]
[EventType "tourn"]
[EventRounds "9"]
[EventCountry "YUG"]
[EventCategory "9"]
[SourceTitle "CBM 088"]
[Source "ChessBase"]
[SourceDate "2002.03.21"]
[SourceVersion "1"]
[SourceVersionDate "2002.03.21"]
[SourceQuality "1"]

1. d4 d5 2. c4 dxc4 3. Nf3 Nf6 4. e3 e6 5. Bxc4 c5 6. O-O a6 7. a4 Nc6 8. Nc3
Qc7 9. d5 exd5 10. Nxd5 Nxd5 11. Qxd5 Bd6 12. Ng5 $146 (12. Bd2 Ne5 13. Nxe5
Bxe5 14. Ba5 Bxh2+ 15. Kh1 Be6 16. Bxc7 (16. Qxe6+ fxe6 17. Bxc7 Bxc7 18. Bxe6
{1/2-1/2 Johner,P-Rubinstein,A/Berlin 1924/HCL (18)}) 16... Bxd5 17. Bxd5 Bxc7
18. Bxb7 Ra7 19. Bd5 Ke7 20. Rac1 Rb8 21. b3 Bb6 $14 {1-0 Moskalenko,V-Estrada
Nieto,J/Paris 1992/EXT 97 (40)}) (12. Rd1 Be6 (12... Ne5 13. Ng5 (13. Qxd6 Qxd6
14. Rxd6 Nxc4 15. Rd3 b6 16. b3 Na5 17. Bd2 Nc6 18. a5 bxa5 19. Rc3 O-O 20.
Rxc5 Bd7 21. Bxa5 Rfb8 $14 {1/2-1/2 Uhlmann,W-Radulov,I/Hastings 1972/MCD (27)
/=}) 13... O-O 14. Qe4 g6 15. Qh4 h5 16. Bd5 Be7 17. Qf4 Bd6 18. Ne4 Bg4 19.
Nxd6 Bxd1 20. Nxf7 Nf3+ 21. gxf3 Qxf4 22. exf4 Rxf7 23. Be3 Bc2 24. Bxc5 Rd8
25. Bxf7+ Kxf7 $11 {1/2-1/2 Arkhipov,S-Vaulin,A/Kecskemet 1990/EXT 97 (40)})
13. Qxd6 Qxd6 14. Rxd6 Bxc4 15. e4 Ke7 16. Bf4 Rad8 17. Rxc6 bxc6 18. Ne5 Bb3
19. Nxc6+ Ke6 20. Nxd8+ Rxd8 $11 {0-1 ZarkovX-Dlugy/Internet 1995 (107)}) 12...
O-O (12... Ne5 13. Ba2 h6 14. Rd1 hxg5 15. Qxd6 Qxd6 16. Rxd6 $14) 13. Qe4 g6
14. Qh4 h5 15. f4 $1 {[%cal Ge3e5]} (15. Rd1 Qe7 $11) 15... Kg7 {[%cal Yf7f6]}
16. Bd2 f6 17. Ne4 (17. Ne6+ Bxe6 18. Bxe6 Rfe8 19. f5 Be5 20. Rad1 Rad8 $15) (
17. Bc3 $5 Qe7 18. Rae1 $36) 17... Qe7 18. Ng3 (18. Nxd6 Qxd6 19. Bc3 Bf5 $11)
(18. Bd5 Bf5 19. Ng3 Bd3 20. Rfe1 Rad8 21. e4 c4 $132) 18... f5 19. Qh3 Be6 20.
Bc3+ Kh6 21. Bxe6 Qxe6 22. e4 $16 Qf7 23. exf5 gxf5 24. Rad1 (24. Rae1 $1 {
/\25.Re6!+-} Nd4 25. Bxd4 cxd4 26. Nxf5+ Qxf5 27. Re6+ $18) 24... Rad8 (24...
Nd4 25. Kh1 $16) 25. Rd5 Ne7 26. Rd2 (26. Nxh5 $1 Qxh5 27. Rxd6+ Rxd6 28. Bg7+
Kg6 29. Qxh5+ Kxh5 30. Bxf8 Re6 31. Kf2 $16 {/+-}) 26... Nc6 27. Kh1 (27. Re1
$1 Nd4 28. Bxd4 cxd4 29. Rde2 $18) 27... Qg6 28. Rd5 (28. Nxh5 $6 Qxh5 29. Bg7+
Kg6 30. Rxd6+ Rxd6 31. Qxh5+ Kxh5 32. Bxf8 Rd2 $14) (28. Re1 $1 $18) 28... Ne7
29. Rd3 Qg4 30. Nxh5 $1 Qxh3 (30... Qxh5 31. Bg7+ Kg6 32. Rg3+ $18) 31. Rxh3
Kg6 32. Rg3+ $1 Kxh5 33. Rg5+ $2 (33. Bg7 $1 Bxf4 34. Bxf8 Bxg3 35. Bxe7 Re8
36. Bxc5 (36. Rxf5+ Kh6 37. hxg3 Rxe7 38. Rxc5 Re2 39. b4 Re4 $11) 36... Re1 $1
37. Rxe1 Bxe1 38. Kg1 $16 {[%cal Gg1f1,Gf1d3]}) 33... Kh6 34. Bg7+ Kh7 35. Bxf8
Rxf8 $17 36. Re1 Rf6 $1 37. g3 Nc6 38. Re8 Bf8 39. Rc8 Rf7 40. Kg2 c4 {[%csl
Rb2]} 41. h4 Bg7 42. Re8 Bxb2 $19 43. Rh5+ Kg6 44. Rg5+ Kh6 45. h5 Bf6 $2 (
45... Ne7 $1 $19 {[%cal Yb2f6,Yf6g5]}) 46. Rxf5 Kg7 47. g4 c3 48. h6+ (48. g5
Bd4 49. h6+ Kg6 50. Rxf7 Kxf7 51. Re1 c2 52. f5 Ne5 53. g6+ Kg8 54. h7+ Kh8 $19
{[%cal Yd4b2,Yc2c1]}) 48... Kg6 49. Re6 Nd4 $1 50. h7 Kxh7 51. Rh5+ (51. Rfxf6
Rxf6 52. Rxf6 c2 53. Rf7+ Kg8 54. Rc7 Nc6 $19) 51... Kg7 52. Re8 Rc7 53. Rhh8
c2 54. Reg8+ Kf7 55. Rh7+ Kxg8 56. Rxc7 Nc6 0-1

[Event "Moscow Aeroflot op"]
[Site "Moscow"]
[Date "2002.02.05"]
[Round "2"]
[White "Tkachiev, Vladislav"]
[Black "Sadvakasov, Darmen"]
[Result "1-0"]
[WhiteElo "2634"]
[BlackElo "2555"]
[Annotator "Huzman,A"]
[PlyCount "47"]
[EventDate "2002.02.04"]
[EventType "swiss"]
[EventRounds "9"]
[EventCountry "RUS"]
[SourceTitle "CBM 088"]
[Source "ChessBase"]
[SourceDate "2002.03.21"]
[SourceVersion "1"]
[SourceVersionDate "2002.03.21"]
[SourceQuality "1"]

1. d4 d5 2. c4 dxc4 3. e3 Nf6 4. Bxc4 e6 5. Nf3 c5 6. O-O a6 7. Bb3 b5 8. a4 b4
9. Nbd2 Bb7 10. e4 cxd4 11. e5 Nfd7 12. Nc4 Be7 13. Nxd4 Nc5 14. Qg4 {This
position already looks rather gloomy for Black, whose mistake has probably
taken place somewhat earlier} g6 (14... Kf8 15. Rd1 Qc7 16. Bg5 h5 17. Qf4 Bxg5
18. Qxg5 Nc6 19. Nxc6 Nxb3 20. Nb6 Qxb6 21. Rd7 Kg8 22. Ne7+ Kf8 23. Ng6+ Kg8
24. Qe7 Kh7 25. Qxf7 {1-0 Stocek,J-Estrada,J/Koszeg GM 1997 (25)}) 15. Bh6 Nxb3
16. Nxb3 Nd7 (16... Bd5 17. Rfd1 Qc7 18. Rac1 Nc6 19. Nca5 $18) 17. Rad1 $18
Rc8 (17... Bd5 18. Rxd5 $1 exd5 19. Nd6+ Bxd6 20. exd6 $18) 18. Rfe1 Bc6 19.
Nd6+ Bxd6 20. exd6 e5 (20... Qf6 21. Rc1 $18) 21. Nc5 (21. Rxe5+ Nxe5 22. Re1
$18) 21... Qa5 22. Qxd7+ (22. Rxe5+ Nxe5 (22... Kd8 23. Qxd7+ Bxd7 24. Nb7#)
23. Re1 $18) 22... Bxd7 23. Rxe5+ Be6 24. d7+ (24. d7+ Ke7 25. Bg5+ f6 26.
Rxe6+ Kf7 27. Rxf6+ $18) 1-0

[Event "RUS-chT 09th Group2"]
[Site "Ekaterinburg"]
[Date "2002.05.19"]
[Round "3"]
[White "Shariyazdanov, Andrey"]
[Black "Rublevsky, Sergei"]
[Result "1/2-1/2"]
[WhiteElo "2542"]
[BlackElo "2657"]
[Annotator "Huzman,A"]
[PlyCount "63"]
[EventDate "2002.05.17"]
[EventType "team-tourn"]
[EventRounds "7"]
[EventCountry "RUS"]
[SourceTitle "CBM 090"]
[Source "ChessBase"]
[SourceDate "2002.09.20"]
[SourceVersion "1"]
[SourceVersionDate "2002.09.20"]
[SourceQuality "1"]
[WhiteTeam "Nizhny Tagil Politekhnik"]
[BlackTeam "Kazan Ladya"]
[WhiteTeamCountry "RUS"]
[BlackTeamCountry "RUS"]

1. d4 d5 2. c4 dxc4 3. Nf3 e6 4. e3 c5 5. Bxc4 a6 6. O-O Nf6 7. Bd3 Nbd7 8. Re1
b5 9. a4 bxa4 10. e4 cxd4 11. e5 Nd5 12. Rxa4 Bb4 13. Bd2 Bxd2 14. Nbxd2 Nc5
15. Rxd4 Nxd3 16. Rxd3 O-O 17. Nc4 (17. Ne4 Rb8 18. Rd2 Rb4 19. Nd6 Bd7 20. Re4
Rxe4 21. Nxe4 h6 22. Nd6 Bc6 23. Rd4 Qe7 24. Rc4 {1/2-1/2 Siegel,G-Karpatchev,
A/Germany 2000/CBM 75 ext (24)}) 17... a5 (17... Rb8 18. Qd2 Qe7 19. Nd6 Bb7
20. Nd4 Ba8 21. Rg3 f5 22. Ra3 Rb6 23. Rc1 Rxd6 24. exd6 Qxd6 25. Ne2 Bb7 26.
Rb3 Rf7 27. Qd4 $16 {1-0 Shariyazdanov,A-Feletar,D/Pula 2000/CBM 78 ext (74)})
18. Ra3 {White tries to prevent the move 18...Ba6 but in spite of this Black
make this move.} (18. Nd6 Ba6 19. Rd2 Rb8 $132 {[%cal Yb8b2]}) 18... Ba6 $6 (
18... Qc7 $5 19. Qc1 (19. Qd4 {[%cal Ge1a1,Ga1a5]} Bd7 20. Nd6 f6 $132) 19...
a4 20. Nd6 Qxc1 21. Rxc1 Bd7 $11) 19. Nxa5 Nb4 20. Qxd8 (20. Qa4 $5 Nd3 (20...
Qb6 21. Rb3 Rfb8 22. Re4 $16) 21. Rea1 $1 Qb6 (21... Nxb2 22. Qc2 Nd3 23. Nc6
Qb6 24. Ne7+ Kh8 25. Qxd3 Bxd3 26. Rxa8 Rd8 (26... Rb8 27. Nc6 $18) 27. Ng5 $1
Bg6 28. Nxg6+ Kg8 29. Ne7+ Kf8 30. Nc6 $18) 22. Qd4 (22. Qh4 Rac8 23. b3 Rc2
24. Qd4 Qb8 25. Nc4 Bxc4 26. bxc4 Nxf2 $13) 22... Qxd4 23. Nxd4 Nxe5 24. b4 Bc8
25. Nac6 Nxc6 26. Nxc6 Bb7 27. Ne7+ Kh8 28. Rxa8 Bxa8 (28... Rxa8 29. Rxa8+
Bxa8 30. b5 $18) 29. Ra7 g5 $11) 20... Rfxd8 $44 {[%cal Yb4d3]} 21. Rb3 Rdb8
22. Rc1 Nd3 23. Rxb8+ Rxb8 24. Rc6 Bb5 25. Rc3 (25. Rc7 h6 $11) 25... h6 26. h3
(26. Rb3 Nc1 27. Ra3 Be2 $11) 26... Ra8 27. Nb7 Ra1+ 28. Kh2 Nxf2 29. Nd6 Ba6
30. b4 (30. Rc7 Rb1 31. Nxf7 Rxb2 32. Nd8 $16) 30... Rb1 31. Rc2 (31. Rc6 Bd3
32. Rb6) 31... Nd1 32. b5 (32. Ra2 Bd3 33. Ra3 Nf2 34. Ra8+ Kh7 35. Rb8) (32.
Rc6 Bd3 33. Rb6 Ne3 $132) (32. b5 Bxb5 33. Rc8+ Kh7 34. Rb8 Bd3 35. Rxb1 Bxb1
36. Nxf7 $11) 1/2-1/2

[Event "Sarajevo Bosnia 32nd"]
[Site "Sarajevo"]
[Date "2002.05.28"]
[Round "7"]
[White "Sokolov, Ivan"]
[Black "Shirov, Alexei"]
[Result "1/2-1/2"]
[WhiteElo "2647"]
[BlackElo "2704"]
[Annotator "Huzman,A"]
[PlyCount "53"]
[EventDate "2002.05.22"]
[EventType "tourn"]
[EventRounds "9"]
[EventCountry "BIH"]
[EventCategory "16"]
[SourceTitle "CBM 090"]
[Source "ChessBase"]
[SourceDate "2002.09.20"]
[SourceVersion "1"]
[SourceVersionDate "2002.09.20"]
[SourceQuality "1"]

{[%mdl 16384]} 1. d4 d5 2. c4 dxc4 3. e3 Nf6 4. Bxc4 e6 5. Nf3 c5 6. O-O a6 7.
a4 Nc6 8. Qe2 Qc7 9. Nc3 Bd6 10. Bd2 O-O 11. Rac1 b6 12. dxc5 (12. h3 Bb7 13.
Rfd1 h6 (13... Rfe8 14. Bd3 Qe7 15. Ne4 Nxe4 16. Bxe4 e5 17. dxc5 Bxc5 18. Bc3
h6 19. Qc4 Bd6 20. Nh4 $16 {1-0 Wilder,M-Bykhovsky,A/Belgrade 1988/TD (40)})
14. Ba2 Rac8 15. dxc5 bxc5 16. e4 Rfd8 17. Be3 Bf4 18. Rxd8+ Rxd8 19. e5 Bxe5
20. Bxc5 Nd4 21. Bxd4 Bxd4 22. Nxd4 Rxd4 23. Qf1 Qe5 $17 {0-1 Rodriguez Vargas,
O-De la Villa Garcia,J/Cala Galdana 1994/EXT 97 (42)}) (12. Bd3 Bb7 13. Ne4 (
13. h3 Rfd8 14. dxc5 Bxc5 15. Ne4 Nxe4 16. Bxe4 Qe7 17. Bc3 Nb4 {1/2-1/2
Cvitan,O-Mikhalchishin,A/Zenica 1989/EXT 97 (17)}) 13... Nxe4 14. Bxe4 Qe7 15.
Rfd1 (15. dxc5 Bxc5 16. Bc3 a5 17. Rfd1 Rfd8 18. Rxd8+ Rxd8 19. Rd1 Rxd1+ 20.
Qxd1 {1/2-1/2 Shurygin,S-Estrada Nieto,J/Budapest 1995/EXT 97 (20)}) 15... Rac8
16. dxc5 Bxc5 17. h3 Rfd8 18. Bc3 h6 19. Nd2 Nb4 (19... a5 20. Nc4 f5 $2 21.
Rxd8+ Rxd8 22. Bf3 $16 {1-0 Gelfand,B-Huzman,A/Tel Aviv 1999/CBM 71/[Gelfand] 
(39)}) 20. Bxb7 Qxb7 21. Qg4 f5 22. Qc4 Nd5 23. Qb3 b5 24. Nf3 Qb6 25. Bd4 Bxd4
26. Rxc8 Rxc8 27. Nxd4 bxa4 28. Qxa4 Rd8 29. Qc4 Nc7 30. Rc1 Nd5 31. Qc6 Rd6
32. Qe8+ Kh7 33. Rc8 Nxe3 34. fxe3 Rxd4 35. exd4 {1/2-1/2 Sokolov,I-Rublevsky,
S/Poikovsky RUS 2002/ (35)}) (12. d5 exd5 13. Nxd5 Nxd5 14. Bxd5 Bb7 15. e4
Rae8 16. Be3 Ne5 17. Bxb7 Nxf3+ 18. Qxf3 Qxb7 19. Rfd1 Be5 20. a5 Bxb2 21. Rb1
Bd4 22. Bxd4 cxd4 23. Rxb6 Qxe4 24. Qxe4 Rxe4 25. Rxa6 $14 {1/2-1/2 Verdihanov,
V-Lugovoi,A/Kstovo 1994/CBM 42 ext (37)}) 12... bxc5 $5 {[%csl Rb2,Rc5][%cal
Ya8b8,Yb8b2]} (12... Bxc5 13. Bd3 Bb7 14. Ne4 $36 {[%cal Gc1c7]}) 13. h3 (13.
Rfd1 $5 Bb7 (13... Ng4 14. h3 Nge5 15. Ne4 $16) 14. Be1 Ne5 $11) 13... Bb7 14.
Rfd1 Rfd8 15. Be1 {It is very difficult for both sides to improve their
position.} h6 16. Bd3 {[%cal Gc3e4]} Ne5 17. Nxe5 Bxe5 18. f3 {[%csl Rb7][%cal
Ge3e4]} (18. f4 $5 Bd6 19. b4 cxb4 $140 (19... Rac8 $5 $11) 20. Nb5 Qb6 21.
Nxd6 Rxd6 22. a5 Qxa5 (22... Qd8 $5 23. Bxb4 Rd7 24. e4 Nh5 $1 $132) 23. Bh7+
Kxh7 24. Rxd6 $13) 18... Nd5 19. Kh1 Nxc3 20. Bxc3 a5 $11 21. Bd4 (21. Bxe5
Qxe5 22. f4 Qc7 23. Qc2 Rab8 $15) 21... Bd6 22. Bb5 Qe7 23. Bc3 Qh4 24. Be1 Qf6
25. Bc3 Qh4 26. Be1 Qf6 27. Bc3 1/2-1/2